01745 am a2200421 a 450000500170000000800410001702000180005804100080007610000370008424500710012125000110019226000560020330000160025950001220027565300180039765301130041565300370052865300300056565300260059565300800062165300370070165300690073865300420080765300390084965300590088865300210094765300250096865300460099365300130103965300230105265300480107565300300112365300450115365300330119865300160123165300320124765300440127920240530132302.0100310s2009||||mx a f |||| 001 0 spa d a9786077743040 aspa1 aRuíz Argüelles, Guillermo J. aFundamentos de hematología / cGuillermo J. Ruíz Argüelles. a4a ed. aMéxico: bEditorial Médica Panamericana;c2009. a344 p.bil. aRuíz Argüelles, G. J. (2009). Fundamentos de hematología. (4a ed.). México : Editorial Médica Panamericana. aHematopoyesis aInterpretación de la citometría hemática. Indices y parametros eritrocíticos. Definición de anemia aAnemia por deficiencia de hierro aAnemias megaloblásticas aAnemias hemilíticas aAnemias hemolíticas causadas por trastornos de la membrana eritrocítica aHemoglobinopatías y talasemias aAnemias hemolíticas por alteraciones en enzimas eritrocitarias aAnemias hemolíticas inmunológicas aHipoplasias y displacias medulares aAnemias secundarias a padecimientos no hematológicos aLeucemias agudas aLeucemias crónicas aNeoplasias mieloproliferativas crónicas aLinfomas aLinfoma de Hodgkin aPadecimientos inmunoproliferativos malignos aMecanismos hemostáticos aPlaquetas y púrpuras trombocitopenicas aCoagulopatías hereditarias aTrombofilia aTerapéutica transfusional aTrasplante de células hematopoyeticas